000 02777cam a22004457i 4500
001 data
005 20260322212123.0
008 data
035 _a23668518
906 _a7
_bcbc
_corigres
_d2
_encip
_f20
_gy-gencatlg
925 0 _aacquire
_b1 shelf copy
_xpolicy default
010 _a 2024402051
020 _a9781472143013
_q(paperback)
040 _aDLC
_beng
_erda
_cDLC
050 0 0 _aMLCS 2024/45777 (D)
100 1 _aParker, Alexander,
_eauthor.
245 1 0 _a50 people who messed up the world /
_cAlexander Parker & Tim Richman ; with cartoons by Zapiro.
246 3 _aFifty people who messed up the world
250 _aPaperback edition.
264 1 _aLondon :
_bRobinson,
_c2018.
264 4 _c©2017
300 _a415 pages :
_billustrations, portraits ;
_c20 cm
336 _atext
_btxt
_2rdacontent
336 _astill image
_bsti
_2rdacontent
337 _aunmediated
_bn
_2rdamedia
338 _avolume
_bnc
_2rdacarrier
500 _aOriginally published: South Africa : Mercury, 2017.
500 _aMinimal Level Cataloging Plus.
_5DLC.
504 _aIncludes bibliographical references and index.
520 _aFrom despotic mass-murderers to sports cheats, and from corrupt politicians to truly dreadful celebrities, who has had the most damaging -- or vexatious -- impact in their particular sphere of modern life? This line-up of the very worst of the twentieth century and beyond includes the obvious candidates: those who have caused extraordinary damage through their murderous paranoia, brutal avarice, or demented self-regard -- Stalin, King Leopold, Idi Amin and the like. But murderous dictators aside, there are plenty of others who deserve recognition for their role in making the world a significantly more dangerous or, at the very least, more annoying place: terrorist Carlos the Jackal; Robert Oppenheimer, the man who gave the world the atomic bomb; notorious sports cheat Lance Armstrong; and the one and only President Donald Trump, who has of course succeeded in making the world both more annoying and more dangerous. This perfectly focused spotlight on infamy is illustrated throughout by award-winning political cartoonist Zapiro.
650 0 _aPoliticians
_vBiography.
650 0 _aCelebrities
_vBiography.
650 0 _aDictators
_vBiography.
650 0 _aTerrorists
_vBiography.
650 0 _aCriminals
_vBiography.
655 7 _aBiographies.
_2lcgft
_0https://id.loc.gov/authorities/genreForms/gf2014026049
758 _ihas work:
_a50 people who messed up the world (Text)
_1https://id.oclc.org/worldcat/entity/E39PCGdPbPFvmjGt8pyY3rhMpq
_4https://id.oclc.org/worldcat/ontology/hasWork
999 _c1896
_d1896